| 000 | 00705nam a2200205 a 4500 | ||
|---|---|---|---|
| 005 | 20210223130609.0 | ||
| 008 | 080821s1984 mx r 000 0 spa d | ||
| 035 | _aUPN01000159422 | ||
| 049 | _aUNE | ||
| 080 | _a372.3 (7/8) =20 MYE No.153. | ||
| 100 | 1 | _aMyers, Robert G. | |
| 245 | 1 | 0 |
_aAnalyzing costs of community-based early childhood development projects : _ba discussion paper / _cby Robert G. Myers. |
| 260 |
_aParÃs : _bUNESCO ; _aNew York : _bUNICEF, _c1984. |
||
| 300 | _a22 p. | ||
| 440 | 0 |
_aNotes, comments... ; _v153 |
|
| 690 | _aEducacion preescolar - Participacion comunitaria - America | ||
| 710 | 2 |
_aUNICEF _924085 |
|
| 710 | 2 | _aPrograma de Alimentación Mundial | |
| 905 | _aUNESCO | ||
| 999 |
_c131536 _d131536 |
||